| 000 | 00525 a2200205 4500 | ||
|---|---|---|---|
| 005 | 20240517121130.0 | ||
| 010 | _aB-759081 | ||
| 020 |
_a9789354717338 _c299.00 |
||
| 035 | _aB-759081 | ||
| 037 | _bGift/10.5.24 | ||
| 082 | _aN | ||
| 100 |
_aMara, Maddy _966320 |
||
| 245 |
_aDragon Games/ _bMaddy Mara |
||
| 260 |
_aNew York _bScholastic Press _c2023 |
||
| 270 | _aNew York | ||
| 300 |
_a130 p. _c20cm (Pb) |
||
| 700 | _966089 | ||
| 942 |
_adpl _cCH _2ddc _hN _mMAR |
||
| 999 |
_c202925 _d202925 |
||